书目信息 |
| 题名: |
数学建模基础
|
|
| 作者: | 薛毅 主编 ;薛毅 , 常金钢 , 程维虎 编著 | |
| 分册: | ||
| 出版信息: | 北京 北京工业大学出版社 2004.04 |
|
| 页数: | 331页 | |
| 开本: | 26cm | |
| 丛书名: | ||
| 单 册: | ||
| 中图分类: | O141.4 | |
| 科图分类: | ||
| 主题词: | 数学模型--shu xue mo xing--基本知识 | |
| 电子资源: | ||
| ISBN: | 7-5639-1373-4 | |
| 000 | 00993nam0 2200277 450 | |
| 001 | 012006878278 | |
| 005 | 20061019092144.68 | |
| 010 | @a7-5639-1373-4@dCNY32.00 | |
| 100 | @a20061008d2004 km y0chiy0120 ea | |
| 101 | 0 | @achi |
| 102 | @aCN@b110000 | |
| 105 | @aa a 000yy | |
| 200 | 1 | @a数学建模基础@Ashu xue jian mo ji chu@f薛毅主编@Fxue yi zhu bian@g薛毅 … [等] 编著@Gxue yi…[deng]bian zhu |
| 210 | @a北京@c北京工业大学出版社@d2004.04 | |
| 215 | @a331页@c图@d26cm | |
| 304 | @a题名页题: 薛毅,常金钢, 程维虎, 杨士林编著 | |
| 320 | @a有书目 (第331页)。 | |
| 330 | @a本书从微分方程模型、运筹学模型和数理统计模型方面,讲述建模的基本思想和模型求解的基本方法,以及运用数学软件求解数学问题的方法。 | |
| 606 | 0 | @a数学模型@Ashu xue mo xing@x基本知识 |
| 690 | @aO141.4@v4 | |
| 701 | 0 | @a薛毅@Axue yi@4主编 |
| 702 | 0 | @a薛毅@Axue yi@4编著 |
| 702 | 0 | @a常金钢@Achang jin gang@4编著 |
| 702 | 0 | @a程维虎@Acheng wei hu@4编著 |
| 801 | 0 | @aCN@c20061019 |
| 905 | @a10447@dO141.4@eX972 | |
| 数学建模基础/薛毅主编/薛毅 … [等] 编著.-北京:北京工业大学出版社,2004.04 |
| 331页:图;26cm |
| ISBN 7-5639-1373-4:CNY32.00 |
| 本书从微分方程模型、运筹学模型和数理统计模型方面,讲述建模的基本思想和模型求解的基本方法,以及运用数学软件求解数学问题的方法。 |
| ● |
| 相关链接 |
|
|
|
正题名:数学建模基础
索取号:O141.4/X972
 
预约/预借
| 序号 | 登录号 | 条形码 | 馆藏地/架位号 | 状态 | 备注 |
| 1 | 223013 | 202230139 | 自科库401/401自科库 40排3列4层/ [索取号:O141.4/X972] | 在馆 | |
| 2 | 223015 | 202230157 | 自科库401/401自科库 40排3列4层/ [索取号:O141.4/X972] | 在馆 |